000 00844cam a2200265 a 4500
001 0000004499
005 20170406115854.0
008 810827s1980 paua 000 1 eng
010 _a 81175900
035 _9(DLC) 81175900
040 _aDLC
_cDLC
_dDLC
050 0 0 _aPR9619.3.W4
_bS56 1980
082 0 0 _a823
_219
100 1 _aWest, Morris L.,
_d1916-.
245 1 4 _aThe shoes of the fisherman /
_cMorris West ; illustrated by Dennis Lyall.
250 _aLimited ed.
260 _aFranklin Center, Pa. :
_bFranklin Library,
_c1980.
300 _a303 p. :
_bill. ;
_c24 cm.
500 _aLC's copy signed by the author.
500 _aNotes from the editors in pocket.
650 0 _aArbitration (International law)
_vFiction.
650 0 _aPopes
_vFiction.
655 7 _aChristian fiction.
_2lcsh.
908 _a141003
999 _c4323
_d4323